| 000 | 00554nam a22001817a 4500 | ||
|---|---|---|---|
| 005 | 20151117123057.0 | ||
| 010 | _aENG-114052 | ||
| 020 |
_c115.00 _a9788176212328 |
||
| 035 | _aEN-97584 | ||
| 037 | _bDBAD/PUB | ||
| 082 | _a250 | ||
| 100 | _aAnand S.Krishna | ||
| 245 |
_aThe Buddha : _cby Anand S. Krishna _bthe life of Buddha and the essence of Dhamma / |
||
| 260 |
_aNew Delhi _bFull Circle Publishing _c2012 |
||
| 270 |
_aJ-40, Jorbagh Lane _bNew Delhi _e110003 |
||
| 300 |
_a178p.: _c21cm(pbk) _bill. |
||
| 942 |
_2ddc _cEN _mANA _h250 |
||
| 999 |
_c96953 _d96953 |
||